The Temple, its ministry and services as they were at the time of Jesus Christ. (Record no. 2531)

000 -LEADER
fixed length control field 00720nam a2200205 a 4500
001 - CONTROL NUMBER
control field :::00000256$&:&@@
003 - CONTROL NUMBER IDENTIFIER
control field OkBaRHE
005 - DATE AND TIME OF LATEST TRANSACTION
control field 20100331154256.0
008 - FIXED-LENGTH DATA ELEMENTS--GENERAL INFORMATION
fixed length control field s1986 j 000 0 eng u
040 ## - CATALOGING SOURCE
Transcribing agency
100 1# - MAIN ENTRY--PERSONAL NAME
Personal name Edersheim, Alfred, 1825-1889.
245 14 - TITLE STATEMENT
Title The Temple, its ministry and services as they were at the time of Jesus Christ.
250 ## - EDITION STATEMENT
Edition statement New ed., rev.
260 ## - PUBLICATION, DISTRIBUTION, ETC. (IMPRINT)
Place of publication, distribution, etc Grand Rapids, MI., :
Name of publisher, distributor, etc Wm. Eerdmans Publishing Co.
Date of publication, distribution, etc 1986
300 ## - PHYSICAL DESCRIPTION
Extent 414 p. ;
Dimensions 19 cm.
650 ## - SUBJECT ADDED ENTRY--TOPICAL TERM
Topical term or geographic name as entry element Temple (Jerusalem)
650 ## - SUBJECT ADDED ENTRY--TOPICAL TERM
Topical term or geographic name as entry element Worship in the Bible
942 ## - ADDED ENTRY ELEMENTS (KOHA)
Source of classification or shelving scheme
Koha item type Books
Copies
Price effective from Copy number Full call number Total Checkouts Shelving location Not for loan Withdrawn status Koha item type Permanent Location Date acquired Source of classification or shelving scheme Damaged status Date last seen Current Location Date checked out Barcode Lost status
2010-04-141BM 655 .E42General Stacks  BooksRHEMA Bible Training College2010-04-14  2018-01-09RHEMA Bible Training College2011-12-09256